| 000 | 01067nam a22003137a 4500 | ||
|---|---|---|---|
| 001 | BR8803451 | ||
| 003 | BR-BrBNA | ||
| 005 | 20230928092929.0 | ||
| 007 | ta | ||
| 008 | 230509b bl.||||| |||| 00| 0 por d | ||
| 040 |
_aBR-BrBNA _bpor _cBiblioteca Nacional de Agricultura |
||
| 041 | _a(Por) | ||
| 072 | _aK10; E20; N20 | ||
| 090 | _ K10 BR8803451 | ||
| 110 | 1 | _aUniversidade Federal do Parana, Curitiba (Brasil) | |
| 111 | 1 |
_aSimposio sobre Exploracao, Transporte, Ergonomia e Seguranca em Reflorestamento _cCuritiba, PR (Brazil) _d5-10 Apr 1987 |
|
| 245 | 1 | _aSimposio sobre exploracao, transporte, ergonomia e seguranca em reflorestamento | |
| 246 | 1 | _a[Meeting on harvesting, transport, ergonomics and safety in plantation forestry] | |
| 260 | 3 |
_aCuritiba, PR (Brasil): _c1987. |
|
| 300 | _a425 p. | ||
| 650 | _aEXPLORACAO FLORESTAL | ||
| 650 | _aCORTE | ||
| 650 | _aTRANSPORTE | ||
| 650 | _aEQUIPAMENTO AGRICOLA | ||
| 650 | _aPLANEJAMENTO FLORESTAL | ||
| 650 | _aPREVENCAO DE ACIDENTE | ||
| 909 |
_a202309 _bLucia _c55 _dLucia Elande |
||
| 942 | _cBK | ||
| 999 |
_c42044 _d42044 |
||